Music Quiz

Random Music or Food Quiz

Find the Missing Food and Drinks in Songs Quiz Stats

Quiz Updated Jan 2, 2018

Challenge
Share
Tweet
Score 0/20 Timer 04:00
19 Plays Today
% Correct
STRAWBERRY Fields Forever
93.4%
American PIE
91.4%
Smoke on the WATER
90.2%
Pork and BEANS
84.6%
The BANANA Boat Song
(Day-O)
84%
CANDY Shop
84%
Red Red WINE
83.5%
Pour Some SUGAR on Me
82.5%
Lady MARMALADE
81.1%
CHERRY Bomb
81%
% Correct
LEMON Tree
78.2%
CHAMPAGNE Supernova
75.5%
BLUEBERRY Hill
75.5%
ORANGE Crush
75.2%
CHEESEBURGER in Paradise
70.3%
PEACHES
66.4%
JAMBALAYA (On the Bayou)
66.3%
WHISKEY in the Jar
60.2%
No MILK Today
57.4%
COFFEE & TV
56%

You're not logged in!

Compare scores with friends on all Sporcle quizzes.
Sign Up with Email
OR
Log In

You Might Also Like...

Show Comments

Extras

Top Quizzes Today


Score Distribution

Your Account Isn't Verified!

In order to create a playlist on Sporcle, you need to verify the email address you used during registration. Go to your Sporcle Settings to finish the process.